[Event "ROM-ch U16"]
[Site "Calimanesti"]
[Date "2015.03.31"]
[Round "2"]
[White "Oprea, Stefan Teodor"]
[Black "Balaceanu, David"]
[Result "1/2-1/2"]
[WhiteElo "1593"]
[BlackElo "1728"]
[PlyCount "93"]
[EventDate "2015.03.30"]
[EventType "swiss"]
[EventRounds "9"]
[EventCountry "ROU"]
[SourceTitle "CBM 165 Extra"]
[Source "ChessBase"]
[SourceDate "2015.04.21"]
[SourceVersion "1"]
[SourceVersionDate "2015.04.21"]
[SourceQuality "1"]

1. e4 d6 2. d4 Nf6 3. Nc3 g6 4. Nf3 Bg7 5. Be2 0-0 6. 0-0 Nc6 7. h3 e5 8. dxe5 dxe5 9. Bg5 Qxd1 10. Raxd1 Be6 11. a3 h6 12. Be3 Rfd8 13. Rd3 Rxd3 14. Bxd3 Rd8 15. b4 Nh5 16. Ne2 f5 17. Bc1 Nf6 18. exf5 gxf5 19. b5 e4 20. Nf4 Bf7 21. bxc6 exd3 22. Nxd3 bxc6 23. Nfe5 Bd5 24. Be3 Ne4 25. Nf3 Bc4 26. Bxa7 Bxd3 27. cxd3 Rxd3 28. Rc1 Rxa3 29. Bd4 Ra6 30. Bxg7 Kxg7 31. Nd4 Kf6 32. Rxc6+ Rxc6 33. Nxc6 Ke6 34. Nd4+ Ke5 35. Nc6+ Kd5 36. Ne7+ Ke6 37. Nc6 Nd6 38. f4 Kd5 39. Ne7+ Kd4 40. g4 fxg4 41. hxg4 c5 42. Nc6+ Ke4 43. g5 h5 44. g6 Nf5 45. Ne5 Kd4 46. Nf7 c4 47. Nd6 1/2-1/2

[Event "ROM-ch U14"]
[Site "Calimanesti"]
[Date "2014.04.09"]
[Round "4"]
[White "Balaceanu, David"]
[Black "Cretiu, Codreanu Tudor"]
[Result "1/2-1/2"]
[WhiteElo "1640"]
[BlackElo "1428"]
[PlyCount "134"]
[EventDate "2014.04.06"]
[EventType "swiss"]
[EventRounds "9"]
[EventCountry "ROU"]
[SourceTitle "CBM 160 Extra"]
[Source "ChessBase"]
[SourceDate "2014.07.01"]
[SourceVersion "1"]
[SourceVersionDate "2014.07.01"]
[SourceQuality "1"]

1. e4 Nc6 2. d4 d5 3. exd5 Qxd5 4. c3 e5 5. dxe5 Qxd1+ 6. Kxd1 Nxe5 7. Bf4 Bd6 8. Be2 Nc4 9. Bxd6 Nxd6 10. Nf3 Bf5 11. Nd4 0-0-0 12. Nxf5 Nxf5+ 13. Kc2 Nf6 14. Nd2 Rhe8 15. Bd3 Nd6 16. Rhe1 Rxe1 17. Rxe1 Ng4 18. f3 Nf6 19. Nb3 Kb8 20. Nd4 c5 21. Nf5 Nxf5 22. Bxf5 Re8 23. Rxe8+ Nxe8 24. Kd3 Kc7 25. Be4 Nf6 26. Kc4 Nxe4 27. fxe4 Kc6 28. a4 a6 29. a5 Kd6 30. b4 cxb4 31. cxb4 Kc6 32. e5 h6 33. h3 f6 34. exf6 gxf6 35. g4 b5+ 36. Kd4 Kd6 37. Ke4 Ke6 38. h4 Kf7 39. Kd5 Kg6 40. Kc6 h5 41. gxh5+ Kxh5 42. Kb6 f5 43. Kxa6 f4 44. Kb6 f3 45. a6 f2 46. a7 f1Q 47. a8Q Qf2+ 48. Kxb5 Qe2+ 49. Kb6 Qe3+ 50. Kb5 Qe2+ 51. Kc5 Qe3+ 52. Kd6 Qf4+ 53. Kc5 Qe3+ 54. Kb5 Qd3+ 55. Kb6 Qd4+ 56. Kb5 Qd3+ 57. Kb6 Qe3+ 58. Kc7 Qe5+ 59. Kc8 Qe8+ 60. Kb7 Qe4+ 61. Ka7 Qd4+ 62. Ka6 Qa1+ 63. Kb7 Qg7+ 64. Kb6 Qd4+ 65. Kc7 Qe5+ 66. Kb7 Qb5+ 67. Ka7 Qa4+ 1/2-1/2

[Event "ROM-ch U14"]
[Site "Calimanesti"]
[Date "2014.04.08"]
[Round "3"]
[White "Turturoiu, Nicolae Daniil"]
[Black "Balaceanu, David"]
[Result "1/2-1/2"]
[WhiteElo "1001"]
[BlackElo "1640"]
[PlyCount "67"]
[EventDate "2014.04.06"]
[EventType "swiss"]
[EventRounds "9"]
[EventCountry "ROU"]
[SourceTitle "CBM 160 Extra"]
[Source "ChessBase"]
[SourceDate "2014.07.01"]
[SourceVersion "1"]
[SourceVersionDate "2014.07.01"]
[SourceQuality "1"]

1. e4 d6 2. Nf3 Nf6 3. Bc4 Nxe4 4. d3 Nc5 5. Ng5 d5 6. Be3 dxc4 7. Bxc5 cxd3 8. cxd3 c6 9. 0-0 h6 10. Ne4 Bf5 11. Nbc3 Nd7 12. Bd4 e5 13. Be3 Be7 14. Qd2 Nf6 15. Rad1 Bxe4 16. Nxe4 Nxe4 17. dxe4 Qxd2 18. Rxd2 Bb4 19. Rd3 0-0 20. Rb3 a5 21. a3 Bd6 22. Rxb7 Rfb8 23. Rd7 Bf8 24. Rb1 Bxa3 25. Bc1 Ra6 26. Rd3 Bb4 27. Rg3 g5 28. h4 f6 29. hxg5 hxg5 30. Be3 c5 31. Rd1 Rc6 32. Rd7 Rbb6 33. Rh3 Rd6 34. Rdh7 1/2-1/2